<?xml version="1.0" encoding="UTF-8"?>
<record
    xmlns:xsi="http://www.w3.org/2001/XMLSchema-instance"
    xsi:schemaLocation="http://www.loc.gov/MARC21/slim http://www.loc.gov/standards/marcxml/schema/MARC21slim.xsd"
    xmlns="http://www.loc.gov/MARC21/slim">

  <leader>00498nam a2200169   4500</leader>
  <controlfield tag="003">SEACOMEC</controlfield>
  <controlfield tag="005">20240720133247.0</controlfield>
  <controlfield tag="008">240720b        |||||||| |||| 00| 0 eng d</controlfield>
  <datafield tag="020" ind1=" " ind2=" ">
    <subfield code="a"> 9788120336896</subfield>
    <subfield code="c">Rs.205.00</subfield>
  </datafield>
  <datafield tag="040" ind1=" " ind2=" ">
    <subfield code="a">SEACOMEC</subfield>
  </datafield>
  <datafield tag="082" ind1=" " ind2=" ">
    <subfield code="a">511.1</subfield>
    <subfield code="b">K81</subfield>
  </datafield>
  <datafield tag="100" ind1=" " ind2=" ">
    <subfield code="a"> Kolman, Bernard</subfield>
  </datafield>
  <datafield tag="245" ind1="1" ind2=" ">
    <subfield code="a">Discrete mathematical structures</subfield>
    <subfield code="c">Bernard Kolman and Robert C  Busby and Sharon Cutler Ross</subfield>
  </datafield>
  <datafield tag="260" ind1=" " ind2=" ">
    <subfield code="a">New Delhi </subfield>
    <subfield code="b"> PHI Learning </subfield>
    <subfield code="c"> 2007</subfield>
  </datafield>
  <datafield tag="650" ind1=" " ind2=" ">
    <subfield code="a"> Finite mathematics</subfield>
  </datafield>
  <datafield tag="942" ind1=" " ind2=" ">
    <subfield code="c">BOOK</subfield>
  </datafield>
  <datafield tag="952" ind1=" " ind2=" ">
    <subfield code="0">0</subfield>
    <subfield code="1">0</subfield>
    <subfield code="2">ddc</subfield>
    <subfield code="4">0</subfield>
    <subfield code="7">0</subfield>
    <subfield code="a">SEACOMEC</subfield>
    <subfield code="b">SEACOMEC</subfield>
    <subfield code="d">2008-03-31</subfield>
    <subfield code="l">0</subfield>
    <subfield code="o">511.1 K81</subfield>
    <subfield code="p">10470</subfield>
    <subfield code="r">2024-07-20 13:33:34</subfield>
    <subfield code="w">2024-07-20</subfield>
    <subfield code="y">BOOK</subfield>
  </datafield>
  <datafield tag="952" ind1=" " ind2=" ">
    <subfield code="0">0</subfield>
    <subfield code="1">0</subfield>
    <subfield code="2">ddc</subfield>
    <subfield code="4">0</subfield>
    <subfield code="7">0</subfield>
    <subfield code="a">SEACOMEC</subfield>
    <subfield code="b">SEACOMEC</subfield>
    <subfield code="d">2008-03-31</subfield>
    <subfield code="l">0</subfield>
    <subfield code="o">511.1 K81</subfield>
    <subfield code="p">10471</subfield>
    <subfield code="r">2024-07-20 13:34:03</subfield>
    <subfield code="t">1</subfield>
    <subfield code="w">2024-07-20</subfield>
    <subfield code="y">BOOK</subfield>
  </datafield>
  <datafield tag="952" ind1=" " ind2=" ">
    <subfield code="0">0</subfield>
    <subfield code="1">0</subfield>
    <subfield code="2">ddc</subfield>
    <subfield code="4">0</subfield>
    <subfield code="7">0</subfield>
    <subfield code="a">SEACOMEC</subfield>
    <subfield code="b">SEACOMEC</subfield>
    <subfield code="d">2008-03-31</subfield>
    <subfield code="l">0</subfield>
    <subfield code="o">511.1 K81</subfield>
    <subfield code="p">10472</subfield>
    <subfield code="r">2024-07-20 13:34:03</subfield>
    <subfield code="t">2</subfield>
    <subfield code="w">2024-07-20</subfield>
    <subfield code="y">BOOK</subfield>
  </datafield>
  <datafield tag="952" ind1=" " ind2=" ">
    <subfield code="0">0</subfield>
    <subfield code="1">0</subfield>
    <subfield code="2">ddc</subfield>
    <subfield code="4">0</subfield>
    <subfield code="7">0</subfield>
    <subfield code="a">SEACOMEC</subfield>
    <subfield code="b">SEACOMEC</subfield>
    <subfield code="d">2008-03-31</subfield>
    <subfield code="l">0</subfield>
    <subfield code="o">511.1 K81</subfield>
    <subfield code="p">10473</subfield>
    <subfield code="r">2024-07-20 13:34:03</subfield>
    <subfield code="t">3</subfield>
    <subfield code="w">2024-07-20</subfield>
    <subfield code="y">BOOK</subfield>
  </datafield>
  <datafield tag="952" ind1=" " ind2=" ">
    <subfield code="0">0</subfield>
    <subfield code="1">0</subfield>
    <subfield code="2">ddc</subfield>
    <subfield code="4">0</subfield>
    <subfield code="7">0</subfield>
    <subfield code="a">SEACOMEC</subfield>
    <subfield code="b">SEACOMEC</subfield>
    <subfield code="d">2008-03-31</subfield>
    <subfield code="l">0</subfield>
    <subfield code="o">511.1 K81</subfield>
    <subfield code="p">10474</subfield>
    <subfield code="r">2024-07-20 13:34:03</subfield>
    <subfield code="t">4</subfield>
    <subfield code="w">2024-07-20</subfield>
    <subfield code="y">BOOK</subfield>
  </datafield>
  <datafield tag="952" ind1=" " ind2=" ">
    <subfield code="0">0</subfield>
    <subfield code="1">0</subfield>
    <subfield code="2">ddc</subfield>
    <subfield code="4">0</subfield>
    <subfield code="7">0</subfield>
    <subfield code="a">SEACOMEC</subfield>
    <subfield code="b">SEACOMEC</subfield>
    <subfield code="d">2008-03-31</subfield>
    <subfield code="l">0</subfield>
    <subfield code="o">511.1 K81</subfield>
    <subfield code="p">10475</subfield>
    <subfield code="r">2024-07-20 13:34:03</subfield>
    <subfield code="t">5</subfield>
    <subfield code="w">2024-07-20</subfield>
    <subfield code="y">BOOK</subfield>
  </datafield>
  <datafield tag="999" ind1=" " ind2=" ">
    <subfield code="c">1445</subfield>
    <subfield code="d">1445</subfield>
  </datafield>
</record>
